UBT Library

A history of economic thought, (Record no. 39418)

000 -LEADER
fixed length control field 00521cam a22002051 4500
001 - CONTROL NUMBER
control field 3109216
005 - DATE AND TIME OF LATEST TRANSACTION
control field 20171226082312.0
008 - FIXED-LENGTH DATA ELEMENTS--GENERAL INFORMATION
fixed length control field 800915s1942 nyu b 000 0 eng
010 ## - LIBRARY OF CONGRESS CONTROL NUMBER
LC control number 42018206
040 ## - CATALOGING SOURCE
Original cataloging agency DLC
Transcribing agency DLC
Modifying agency DLC
041 ## - LANGUAGE CODE
Language code of text/sound track or separate title eng
080 ## - UNIVERSAL DECIMAL CLASSIFICATION NUMBER
Universal Decimal Classification number 330.09 ROL
082 00 - DEWEY DECIMAL CLASSIFICATION NUMBER
Classification number 330.09 ROL
Edition number 19
100 1# - Rafti
Rafti 52
101 ## - Shkurtesa
Shkurtesa EKO
245 02 - TITLE STATEMENT
Title A history of economic thought,
Statement of responsibility, etc by Eric Roll ...
504 ## - BIBLIOGRAPHY, ETC. NOTE
Bibliography, etc Bibliography: p. 557-561.
906 ## - LOCAL DATA ELEMENT F, LDF (RLIN)
a 7
b cbc
c orignew
d 1
e ocip
f 19
g y-gencatlg
942 ## - ADDED ENTRY ELEMENTS (KOHA)
Source of classification or shelving scheme
Item type Books
Holdings
Withdrawn status Lost status Source of classification or shelving scheme Damaged status Not for loan Collection code Permanent location Current location Shelving location Date acquired Total Checkouts Full call number Barcode Date last seen Price effective from Koha item type
          Koleksioni i përgjithshem UBT - Lipjan UBT - Lipjan Koleksioni i përgjithshem 12/26/2017   330.09 ROL 002-2939981 12/26/2017 12/26/2017 Books
UBT Library © 2015-2024. All rights reserved University Education for Business and Technology